000 03492nam a22003017i 4500
003 URS
856 _3Online Request for Student Unpublished Works
_uhttps://forms.gle/7LqvGGkaDrUQqz429
999 _c75387
_d75386
005 20240416181620.0
008 190325b ||||| |||| 00| 0 eng d
041 _aeng
043 _aa-ph--
050 1 0 _aQA42
_b.M42 2018
245 _aMathematical language performance among selected junor high
_cJohn Norsel A. Cequeña... [et. al]
260 _cJune 2018
300 _axi, 63 leaves :
_billustrations ;
_c28 cm
336 _2rda content
_atext
337 _2rda media
_aunmediated
338 _2rda carrier
_avolume
502 _aThesis
_bBachelor of Secondary Education major in Mathematics
_cUniversity of Rizal System-Morong
_d2018
520 _aEXECUTIVE SUMMARY The study aimed to analyze the mathematical language performance of selected junior high school students in University of Rizal System Morong-Laboratory School. This was conducted at University of Rizal System Morong-Laboratory School during School Year 2017-2018. The study made use of researcher-made test where the items are categorized in terms of symbols, terminologies and mathematical statements in junior high school in which they were content validated by the experts. To determine the level of mathematical language performance of selected junior high school learners in URSM-Laboratory School in terms of symbols, terminologies, and mathematical statements, mean was used. However, to determine the problems encountered by the respondents in understanding mathematical language, frequency and percentage distribution was used. Moreover, to determine what innovative materials could be proposed based on the findings of the study, qualitative discussion was applied. The study found out that the selected junior high school students of the laboratory school acquired adequate knowledge in relation with the mathematical language with respect to Grade 7 learners interpreted as satisfactory, with respect to Grade 8 learners interpreted as fairly satisfactory, with respect to Grade 9 learners interpreted as satisfactory, and with respect to Grade 10 learners interpreted as satisfactory. The study found out that the problems encountered by the respondents in understanding mathematical language are: naming and getting the meaning of the symbols; and understanding and applying the mathematical language. The output that could be proposed based on the findings of the study is the Wordbook of Mathematics. It contains the different terminologies and mathematical statements where students experience difficulties according to the findings of the study. Based on the summary of findings, the study concluded that the selected junior high school students of the laboratory school acquired adequate knowledge in relation with the mathematical language. Based on the summary of findings and conclusions drawn, the following recommendations are hereby offered: mathematics teachers should use appropriate mathematical language for the students communicate mathematically; vocabulary building must be a part of teaching-learning process; and parallel study must be conducted using other variables.
650 0 _aMathematics--Language.
650 0 _aMathematics ability
_xTesting
700 _aAdarayan, Audrey Marie M.
_eauthor
700 _aGuevarra, Kyla Eunisse E.
_eauthor
700 _aLazaga, Chris Angle G.
_eauthor
700 _aLlagas, Avelina T.,
_eauthor.
942 _2lcc
_cT